De artefacto de uso comunitario a obra de admiración : estudio de caso del proyecto museográfico casa museo de artesanías de Chile

El objetivo de este trabajo consiste en abordar las dimensiones que poseen las piezas de artesanía como bienes culturales susceptibles a ser considerados patrimonio cultural, y por lo tanto, piezas que pueden ser recontextualizadas desde su función originaria en su territorio y cultura determinada a...

Full description

Bibliographic Details
Main Author: Ramírez Pinto, Daniel
Other Authors: Díaz Inostroza, Patricia (profesora guía)
Format: Tesis
Language:Spanish
Published: Santiago, Chile : Universidad Academia de Humanismo Cristiano, 2023.
Subjects:
Online Access:Disponible en línea (PDF). Biblioteca Digital UAHC

MARC

LEADER 00000nmm a22000007a 4500
003 UAHC
005 20250430134727.0
008 250331s2023 cl o d 000 spa d
040 |a UAHC  |c UAHC 
100 |a Ramírez Pinto, Daniel  |9 21318 
245 1 0 |a De artefacto de uso comunitario a obra de admiración :  |b estudio de caso del proyecto museográfico casa museo de artesanías de Chile  |c Daniel Ramírez ; profesora guía Patricia Díaz. 
260 |a Santiago, Chile :  |b Universidad Academia de Humanismo Cristiano,  |c 2023. 
300 |a 113 páginas. 
500 |a Tesis para optar al grado de Licenciado/a en Artes. 
502 |a Tesis (Licenciatura en Artes) -- Universidad Academia del Humanismo Cristiano, 2023. 
516 |a Tesis electrónica (PDF). Solicitar documento de biblioteca@academia.cl. 
520 |a El objetivo de este trabajo consiste en abordar las dimensiones que poseen las piezas de artesanía como bienes culturales susceptibles a ser considerados patrimonio cultural, y por lo tanto, piezas que pueden ser recontextualizadas desde su función originaria en su territorio y cultura determinada a espacios institucionales como museos o centros culturales, siendo parte de colecciones o exposiciones para ser visitadas o admiradas por públicos y/o audiencias, como es en el caso del ejercicio realizado por Fundación Artesanías de Chile a través de su colección patrimonial y proyecto museográfico denominado Casa Museo inaugurado el 2022. De este modo, resulta interesante para este análisis, identificar las distintas variables que interfieren en este fenómeno de resignificación social, cultural y territorial como, por ejemplo, distinguir cuál es la función que cumplen estas piezas en su contexto de creación, cuál sería la diferencia que existiría entre obra de arte y pieza de artesanía para los efectos de este análisis y su relación con el arte popular y, finalmente, cómo este ejercicio produce, mediante la aplicación de conocimientos, herramientas y técnicas; piezas con una función distinta de la original en dispositivos creados para la observación y contemplación estética de su materialidad. 
650 0 |a Artesanías  |z Chile  |9 14205 
650 0 |a Patrimonio cultural  |z Chile  |9 1838 
650 0 |a Arte  |z Chile  |9 20773 
700 |a Díaz Inostroza, Patricia  |9 12650  |e profesora guía 
856 |u https://bibliotecadigital.academia.cl/handle/123456789/7448  |y Disponible en línea (PDF). Biblioteca Digital UAHC 
900 |a TPLA 86 
942 |c TS 
952 |0 0  |1 0  |2 ddc  |4 0  |6 TPLA_86_000000000000000  |7 0  |8 COMP  |9 100651  |a BC  |b BC  |c Digital  |d 2025-03-31  |l 0  |o TPLA 86  |r 2025-03-31 13:07:36  |w 2025-03-31  |y TS  |z Documento en PDF  |B LICAR 
999 |c 62519  |d 62519